| 000 | 00684nam a2200205Ia 4500 | ||
|---|---|---|---|
| 003 | GCL | ||
| 008 | 140319s9999 xx 000 0 ara d | ||
| 040 |
_aGCL / _cGCL |
||
| 082 | 0 | 4 |
_a811.01 _bى ا |
| 100 | 1 | _aيوسف حسين بكار | |
| 245 | 1 | 0 |
_aاتجاهات الغزل فى القرن الثانى الهجرى / _cيوسف حسين بكار |
| 300 | _a439 ص | ||
| 490 |
_aالهيئة العامة للاستعلامات _v0 |
||
| 650 | 0 | 4 | _aالعصر الجاهلى |
| 650 | 0 | 4 | _aالشعر الجاهلى |
| 650 | 0 | 4 | _aالشعر |
| 650 | 0 | 4 | _aالشعر العربى - تاريخ ونقد |
| 650 | 0 | 4 | _aالشعر - دواوين و قصائد |
| 942 |
_2ddc _cBK |
||
| 999 |
_c47749 _d47749 |
||